[Event "POLFINAL MISTRZOSTW POLSKI JUNIOROW 2019 - C15"]
[Site "Ustron"]
[Date "1899-12-30"]
[Round "8.4"]
[White "Dalkowski, Rafal"]
[Black "Kossowski, Pawel"]
[Result "1/2-1/2"]
[WhiteTitle "II+"]
[BlackTitle "II+"]
[WhiteElo "1787"]
[BlackElo "1541"]

1. d4 d5 2. c4 e6 3. cxd5 exd5 4. Nc3 Nf6 5. Bg5 Be7 6. e3 c6 7. Bd3 Nbd7 8. Nge2
O-O 9. O-O Re8 10. Rb1 Nf8 11. Qc2 g6 12. b4 a6 13. Na4 Ne4 14. Bxe7 Qxe7 15.
Nc5 Nxc5 16. bxc5 Qg5 17. Kh1 Ne6 18. Rb3 Ng7 19. Nf4 h5 20. Qd2 Re7 21. Qa5 Re8
22. Rbb1 Kh7 23. Qc7 Qe7 24. Qxe7 Rxe7 25. Rb2 Kh6 26. Ne2 Ne6 27. Nc3 Kg7 28.
Na4 Nd8 29. Nb6 Rb8 30. Nxc8 Rxc8 31. a3 1/2-1/2

[Event "POLFINAL MISTRZOSTW POLSKI JUNIOROW 2019 - C15"]
[Site "Ustron"]
[Date "1899-12-30"]
[Round "8.5"]
[White "Gardian, Adam"]
[Black "Kietrys, Maciej"]
[Result "1/2-1/2"]
[WhiteTitle "I"]
[BlackTitle "I"]
[WhiteElo "1835"]
[BlackElo "1656"]

1. d4 d5 2. Bf4 Nf6 3. e3 e6 4. Nd2 c5 5. c3 Nc6 6. Ngf3 Be7 7. h3 h6 8. Bd3 b6
9. Qe2 Bb7 10. O-O a6 11. Ne5 c4 12. Bc2 b5 13. Ndf3 Nxe5 14. Nxe5 Nd7 15. Rad1
Nxe5 16. Bxe5 Bf6 17. f4 Qe7 18. a4 b4 19. Bxf6 gxf6 20. e4 b3 21. Bb1 Rg8 22.
exd5 Bxd5 23. Be4 Qb7 24. Bxd5 Qxd5 25. f5 Ke7 26. Qf2 Raf8 27. Rde1 Rg5 28. fxe6
fxe6 29. h4 Rg4 30. Qf3 Qxf3 31. Rxf3 Rfg8 32. Re2 Kf7 33. Rfe3 Re8 34. g3 Re7
35. Kf2 Rg8 36. Re4 Rd8 37. d5 Rxd5 38. Rxc4 Red7 39. Rb4 Ra5 40. Ke1 Rd3 41.
g4 Rg3 42. Kf2 Rh3 43. Rxb3 Rxa4 44. Rb7+ Kg6 45. Rxe6 Rxg4 1/2-1/2

[Event "POLFINAL MISTRZOSTW POLSKI JUNIOROW 2019 - C15"]
[Site "Ustron"]
[Date "1899-12-30"]
[Round "8.6"]
[White "Celebias, Filip"]
[Black "Gradalski, Olaf"]
[Result "0-1"]
[WhiteTitle "II"]
[BlackTitle "II"]
[WhiteElo "1470"]
[BlackElo "1542"]

1. Nf3 Nf6 2. b3 g6 3. Bb2 Bg7 4. e3 O-O 5. c4 c5 6. Nc3 d6 7. Be2 Nc6 8. O-O e5
9. d3 h6 10. a3 d5 11. d4 cxd4 12. exd4 exd4 13. Nxd4 Nxd4 14. Qxd4 Ne4 15. Qxg7+
Kxg7 16. Nxe4+ f6 17. Rad1 dxe4 18. Rxd8 Rxd8 19. Bc1 Be6 20. f3 exf3 21. Bxf3
Rd7 22. Re1 Re8 23. Bb2 Kf7 24. Rf1 f5 25. Bc1 Kg7 26. Kf2 Bf7 27. c5 Bd5 28.
Rd1 Red8 29. Re1 Bxf3 30. gxf3 Rd1 31. Bb2+ Kf7 32. Re2 R8d2 33. b4 Rxe2+ 34.
Kxe2 Rb1 35. Bc3 Ke6 0-1

[Event "POLFINAL MISTRZOSTW POLSKI JUNIOROW 2019 - C15"]
[Site "Ustron"]
[Date "1899-12-30"]
[Round "8.7"]
[White "Zielinski, Sebastian"]
[Black "Jozefczyk, Szymon"]
[Result "0-1"]
[WhiteTitle "II+"]
[BlackTitle "II"]
[WhiteElo "1517"]
[BlackElo "1616"]

1. e4 c5 2. Nf3 d6 3. Bb5+ Nd7 4. d4 cxd4 5. Qxd4 e5 6. Qd3 h6 7. O-O a6 8. Bxd7+
Bxd7 9. c4 Nf6 10. Nc3 Be7 11. Rd1 Qc7 12. b3 O-O 13. Ba3 Qa5 14. Bb2 Rac8 15.
Ne1 b5 16. Nd5 Nxd5 17. cxd5 f5 18. f3 fxe4 19. fxe4 Qb6+ 20. Kh1 Rf2 21. Rd2
Bg5 22. Rc2 Rcxc2 23. Nxc2 Qc5 24. Bc3 Rxc2 25. Qxc2 b4 26. a4 Qxc3 27. Qxc3 bxc3
28. Ra2 Be8 29. g4 Bg6 0-1

[Event "POLFINAL MISTRZOSTW POLSKI JUNIOROW 2019 - C15"]
[Site "Ustron"]
[Date "1899-12-30"]
[Round "8.8"]
[White "Jedrusik, Adam"]
[Black "Haliniak, Wojciech"]
[Result "1/2-1/2"]
[WhiteTitle "I"]
[BlackTitle "I"]
[WhiteElo "1743"]
[BlackElo "1756"]

1. d4 d5 2. Bg5 g6 3. e3 Bg7 4. Bd3 f5 5. Nd2 Nf6 6. f4 O-O 7. Ngf3 Be6 8. O-O
Qd6 9. c4 c6 10. Qe2 Nbd7 11. a3 a6 12. b4 b5 13. c5 Qc7 14. Ne5 Nxe5 15. fxe5
Ne4 16. Bxe4 fxe4 17. Rxf8+ Rxf8 18. Rf1 Qd8 19. Nb1 h6 20. Bh4 g5 21. Be1 Rxf1+
22. Qxf1 Qf8 23. h3 Kh7 24. Qxf8 Bxf8 25. Kh2 h5 26. g3 Kg6 27. Nc3 g4 28. h4
Bh6 29. Bd2 Kf5 30. a4 Bd7 31. axb5 axb5 32. Ne2 Be8 1/2-1/2

[Event "POLFINAL MISTRZOSTW POLSKI JUNIOROW 2019 - C15"]
[Site "Ustron"]
[Date "1899-12-30"]
[Round "8.9"]
[White "Skawinski, Szymon"]
[Black "Kosior, Jan"]
[Result "1/2-1/2"]
[WhiteTitle "I"]
[BlackTitle "II"]
[WhiteElo "1715"]
[BlackElo "1565"]

1. e4 c5 2. c3 Nf6 3. e5 Nd5 4. d4 cxd4 5. cxd4 d6 6. Nf3 Nc6 7. Bc4 dxe5 8. dxe5
Nb6 9. Qxd8+ Nxd8 10. Bb3 Be6 11. Bxe6 Nxe6 12. Nc3 Nc7 13. O-O e6 14. Bg5 h6
15. Bh4 Be7 16. Bxe7 Kxe7 17. Ne4 Nd7 18. Rac1 Nd5 19. Nd6 b6 20. a3 Rhg8 21.
Rfe1 Nxe5 22. Nxe5 Kxd6 23. Nxf7+ Ke7 24. Ne5 Rgc8 25. g3 Rc7 26. Rxc7+ Nxc7 27.
Rc1 Nd5 28. Rc6 a5 29. Kg2 b5 30. Nf3 Kd7 31. Ne5+ Ke7 32. Nf3 Kd7 33. Ne5+ Ke7
34. Nf3 1/2-1/2

[Event "POLFINAL MISTRZOSTW POLSKI JUNIOROW 2019 - C15"]
[Site "Ustron"]
[Date "1899-12-30"]
[Round "8.10"]
[White "Zurawski, Mateusz"]
[Black "Owoc, Jakub"]
[Result "0-1"]
[WhiteTitle "II"]
[BlackTitle "I"]
[WhiteElo "1522"]
[BlackElo "1668"]

1. e4 c5 2. Nf3 e6 3. d4 cxd4 4. Nxd4 Nc6 5. Be3 Qc7 6. Nc3 a6 7. Be2 Nf6 8. O-O
Be7 9. f4 d6 10. Bf3 Bd7 11. Qe1 O-O 12. Nxc6 Bxc6 13. g4 Nd7 14. g5 b5 15. h4
Qb7 16. a3 a5 17. Bd4 b4 18. Nd1 e5 19. fxe5 dxe5 20. Bf2 Nc5 21. Bg3 Nxe4 22.
Bxe5 Bc5+ 23. Kh2 Rfe8 24. Bxe4 Bxe4 25. Qg3 Rad8 26. Nf2 Rxe5 0-1

[Event "POLFINAL MISTRZOSTW POLSKI JUNIOROW 2019 - C15"]
[Site "Ustron"]
[Date "1899-12-30"]
[Round "8.11"]
[White "Jedrzejczak, Michal"]
[Black "Lenart, Jakub"]
[Result "0-1"]
[WhiteTitle "II"]
[BlackTitle "I"]
[WhiteElo "1434"]
[BlackElo "1629"]

1. d4 Nf6 2. c4 e6 3. Nf3 d5 4. cxd5 exd5 5. Bg5 h6 6. Bh4 c6 7. Qc2 Be7 8. Nc3
O-O 9. e3 Re8 10. Bd3 Nbd7 11. O-O Qc7 12. Rab1 a6 13. b4 Qd8 14. a4 Nf8 15. b5
cxb5 16. axb5 a5 17. b6 g5 18. Bg3 Ne6 19. Nb5 Bd7 20. Nc7 Nxc7 21. bxc7 Qc8 22.
Qb2 Bb4 23. Rfc1 Bf5 24. Bxf5 Qxf5 25. Ne1 Ne4 26. Nd3 h5 27. Nxb4 axb4 28. Qc2
h4 29. Be5 f6 30. f3 fxe5 31. fxe4 dxe4 32. Rxb4 exd4 33. Rxd4 Rf8 34. Rc4 Rac8
35. Rc5 Qf6 36. Rb5 Rxc7 37. Rxg5+ Qxg5 38. Qb3+ Rcf7 0-1

[Event "POLFINAL MISTRZOSTW POLSKI JUNIOROW 2019 - C15"]
[Site "Ustron"]
[Date "1899-12-30"]
[Round "8.12"]
[White "Nowak, Maciej"]
[Black "Mocko, Maciej"]
[Result "0-1"]
[WhiteTitle "II"]
[BlackTitle "II"]
[WhiteElo "1564"]
[BlackElo "1459"]

1. d4 Nf6 2. c4 e5 3. dxe5 Ng4 4. Nf3 Bc5 5. e3 Nc6 6. Nc3 O-O 7. Be2 Ngxe5 8.
Nd4 a5 9. O-O Ra6 10. Nb3 Be7 11. c5 Ra8 12. Bb5 d6 13. cxd6 Bxd6 14. f4 Ng4 15.
Bxc6 bxc6 16. h3 Nf6 17. Qf3 Bb7 18. Rd1 Nd5 19. Ne4 f5 20. Ng5 Qe8 21. Qg3 a4
22. Nd4 Qg6 23. Qf2 h6 24. Ngf3 Nf6 25. Qe2 Kh8 26. Nh4 Qh7 27. Ndxf5 Ne4 28.
Qg4 Bc8 29. Ng6+ Kg8 30. Nfe7+ Kf7 31. Nxc8 Qxg6 32. Nxd6+ cxd6 33. Qd7+ Kg8 34.
Qxc6 Rfc8 35. Qd5+ Kh7 36. Qd3 Rab8 37. Rb1 Nc3 38. f5 Qh5 39. f6+ Qg6 40. Qxd6
Nxd1 41. Qe7 Qxf6 42. Qxf6 gxf6 0-1

[Event "POLFINAL MISTRZOSTW POLSKI JUNIOROW 2019 - C15"]
[Site "Ustron"]
[Date "1899-12-30"]
[Round "8.13"]
[White "Pieczulis, Blazej"]
[Black "Czarniecki, Pawel"]
[Result "1-0"]
[WhiteTitle "I"]
[BlackTitle "II+"]
[WhiteElo "1443"]
[BlackElo "1561"]

1. d4 Nf6 2. Bg5 d5 3. Bxf6 exf6 4. c4 Bf5 5. Nc3 Bb4 6. e3 O-O 7. Qb3 Bxc3+ 8.
bxc3 dxc4 9. Bxc4 b6 10. Bd5 c6 11. Bf3 Be6 12. Qc2 Re8 13. Ne2 Qc7 14. O-O Nd7
15. e4 Bc4 16. Rfe1 Rad8 17. Rad1 Nf8 18. g3 Ne6 19. Bg2 g5 20. Nc1 Nf8 21. Nd3
Ng6 22. a3 h5 23. Nb2 Ba6 24. Nd3 Bc8 25. Qc1 h4 26. Qe3 Qe7 27. Nb4 Bd7 28. f4
h3 29. Bf1 a5 30. Nc2 gxf4 31. gxf4 Qd6 32. e5 fxe5 33. fxe5 Qe6 34. Bd3 Qg4+
35. Qg3 Nh4 36. Re3 Kh8 37. Rf1 Rg8 38. Kh1 Be6 39. Be4 Ng2 40. Qxg4 Rxg4 41.
Rxh3+ Nh4 42. Bxc6 Rdg8 43. Ne3 Rxd4 44. cxd4 Bxh3 45. Rxf7 Rc8 46. d5 Ng6 47.
Rf3 Nxe5 48. Rxh3+ Kg8 49. Rh6 Kf7 50. Nf5 Rf8 51. Re6 Nf3 52. Kg2 Ng5 53. Nd6+
Kg7 54. Ne8+ Kh7 55. Re7+ Kg6 56. d6 Kh5 57. d7 Rg8 58. Rg7 Rf8 59. Rxg5+ Kxg5
60. d8=Q+ Kg6 61. Be4+ Kf7 62. Qd7+ Kg8 63. Qg7# 1-0

[Event "POLFINAL MISTRZOSTW POLSKI JUNIOROW 2019 - C15"]
[Site "Ustron"]
[Date "1899-12-30"]
[Round "8.14"]
[White "Kozubek, Krystian"]
[Black "Malik, Maciej"]
[Result "1/2-1/2"]
[WhiteTitle "II+"]
[BlackTitle "I"]
[WhiteElo "1545"]
[BlackElo "1522"]

1. c4 d6 2. Nc3 Nf6 3. g3 g6 4. Bg2 Bg7 5. e4 O-O 6. Nge2 e5 7. O-O c6 8. d3 Nbd7
9. h3 a6 10. a4 b6 11. f4 Bb7 12. f5 Qc7 13. g4 Rfc8 14. Be3 a5 15. g5 Ne8 16.
f6 Bf8 17. h4 h5 18. Bh3 Rd8 19. Ng3 Bc8 20. Qf3 Nc5 21. Bxc8 Qxc8 22. Bxc5 bxc5
23. b3 Qh3 24. Qg2 Qxg2+ 25. Kxg2 Rab8 26. Rab1 Nc7 27. Rfe1 Ne6 28. Nge2 Rb7
29. Rb2 Rdb8 30. Reb1 Nc7 31. Kf3 Rd8 1/2-1/2

[Event "POLFINAL MISTRZOSTW POLSKI JUNIOROW 2019 - C15"]
[Site "Ustron"]
[Date "1899-12-30"]
[Round "8.15"]
[White "Werner, Kacper"]
[Black "Kitewski, Bartosz"]
[Result "1/2-1/2"]
[WhiteTitle "II"]
[BlackTitle "I"]
[WhiteElo "1573"]
[BlackElo "1674"]

1. e4 d6 2. d4 Nf6 3. Nc3 g6 4. Be2 Bg7 5. Be3 O-O 6. Nf3 c6 7. h3 e5 8. dxe5 dxe5
9. O-O Qe7 10. Qc1 Rd8 11. Bd3 Nbd7 12. Bg5 Nc5 13. Qe3 b6 14. Be2 Qc7 15. Rfd1
Bb7 16. Bc4 Ncd7 17. a4 a6 18. b4 b5 19. Bb3 Nf8 20. Qc5 N8d7 21. Qe7 Rac8 22.
axb5 cxb5 23. Nd5 Bxd5 24. exd5 Nb6 25. Qxc7 Rxc7 26. Rxa6 Rb7 27. Nxe5 h6 28.
Nc6 Rdd7 29. Be3 Nbxd5 30. Bxd5 Nxd5 31. Bc5 Rbc7 32. Na7 Nxb4 33. Rxd7 Nxa6 34.
Rxc7 Nxc7 35. Bd6 Bd4 36. Nc6 Ne6 37. Kf1 Bc5 38. Bxc5 Nxc5 39. Nd4 b4 40. Nc6
1/2-1/2

[Event "POLFINAL MISTRZOSTW POLSKI JUNIOROW 2019 - C15"]
[Site "Ustron"]
[Date "1899-12-30"]
[Round "8.16"]
[White "Wieczorek, Karol"]
[Black "Krasniewski, Szymon"]
[Result "1/2-1/2"]
[WhiteTitle "I"]
[BlackTitle "I"]
[WhiteElo "1549"]
[BlackElo "1662"]

1. d4 Nf6 2. c4 c5 3. d5 e6 4. Nc3 exd5 5. cxd5 d6 6. e4 g6 7. Bd3 Bg7 8. h3 O-O
9. Nf3 Re8 10. O-O Na6 11. Nd2 Nc7 12. a4 b6 13. Nc4 Ba6 14. Re1 Bxc4 15. Bxc4
a6 16. Bd2 Rb8 17. Qc2 b5 18. axb5 axb5 19. Bf1 b4 20. Na4 Nb5 21. Bxb5 Rxb5 22.
Rab1 Nd7 23. Bc1 b3 24. Qd3 Rb4 25. Nc3 c4 26. Qg3 Ne5 27. Bd2 Rb7 28. Qe3 Nd3
29. Red1 Rbe7 30. f3 Be5 31. Rf1 Bf4 32. Qe2 Qb6+ 33. Kh1 Bxd2 34. Qxd2 Qd4 35.
Ra1 Qb6 36. Ra4 Rc8 37. Rfa1 Rec7 38. Ra6 Qf2 39. Qxf2 Nxf2+ 40. Kg1 Nd3 41. Rb1
Rd7 42. Nb5 Rc5 43. Nc3 Rcc7 44. Nb5 Rc5 45. Nc3 Rcc7 1/2-1/2

[Event "POLFINAL MISTRZOSTW POLSKI JUNIOROW 2019 - C15"]
[Site "Ustron"]
[Date "1899-12-30"]
[Round "8.17"]
[White "Labedz, Dawid"]
[Black "Kuczmik, Pawel"]
[Result "1-0"]
[WhiteTitle "II"]
[BlackTitle "II"]
[WhiteElo "1468"]
[BlackElo "1162"]

1. e4 c6 2. d4 d5 3. Nc3 dxe4 4. Nxe4 Bf5 5. Ng3 Bg6 6. Nh3 Nf6 7. Nf4 e5 8. Nxg6
hxg6 9. Be3 Qa5+ 10. c3 Nd5 11. Qb3 Qb6 12. Bc4 Qxb3 13. Bxb3 Nxe3 14. fxe3 exd4
15. exd4 Bd6 16. Ne4 Bxh2 17. Kf2 Rh4 18. Nd6+ Kd7 19. Nxf7 Rf4+ 20. Ke3 Rh4 21.
Ne5+ Kc7 22. Nxg6 Rh6 23. Bc2 Nd7 24. Raf1 Re8+ 25. Kd2 Bg3 26. Rxh6 gxh6 27.
Rf7 Kd8 28. Bf5 1-0

[Event "POLFINAL MISTRZOSTW POLSKI JUNIOROW 2019 - C15"]
[Site "Ustron"]
[Date "1899-12-30"]
[Round "8.18"]
[White "Kukorowski, Wojciech"]
[Black "Kopczynski, Alan"]
[Result "0-1"]
[WhiteTitle "II"]
[BlackTitle "II+"]
[WhiteElo "1371"]
[BlackElo "1501"]

1. e4 c5 2. Nf3 Nc6 3. d4 cxd4 4. Nxd4 Nf6 5. Nc3 g6 6. Nxc6 bxc6 7. e5 Ng8 8.
Bc4 Bg7 9. Qf3 e6 10. Bf4 Qc7 11. Qe3 Ne7 12. O-O-O O-O 13. h4 Nd5 14. Bxd5 cxd5
15. h5 Ba6 16. Bh6 Bxe5 17. Bxf8 Bf4 18. Qxf4 Qxf4+ 19. Kb1 Rxf8 20. hxg6 fxg6
21. f3 Rb8 22. Rh3 Qb4 23. Kc1 Qxb2+ 24. Kd2 Rc8 25. f4 d4 26. Ne4 Qxc2+ 27. Ke1
Qe2# 0-1

[Event "POLFINAL MISTRZOSTW POLSKI JUNIOROW 2019 - C15"]
[Site "Ustron"]
[Date "1899-12-30"]
[Round "8.19"]
[White "Sawicki, Wojciech"]
[Black "Wolny, Dawid"]
[Result "1-0"]
[WhiteTitle "II"]
[BlackTitle "II"]
[WhiteElo "1439"]
[BlackElo "1343"]

1. d4 Nf6 2. Nf3 g6 3. g3 Bg7 4. Bg2 d5 5. O-O O-O 6. c4 c6 7. Nc3 Nbd7 8. Nd2
e5 9. cxd5 cxd5 10. dxe5 Nxe5 11. Nb3 Be6 12. Bg5 Nc6 13. Bxf6 Bxf6 14. Nxd5 Bxb2
15. Rb1 Bg7 16. Nf4 Bxb3 17. Qxb3 Na5 18. Qa4 Rb8 19. Rfd1 Qg5 20. Rb5 1-0

[Event "POLFINAL MISTRZOSTW POLSKI JUNIOROW 2019 - C15"]
[Site "Ustron"]
[Date "1899-12-30"]
[Round "8.20"]
[White "Szafranski, Maciej"]
[Black "Wleklik, Mateusz"]
[Result "1/2-1/2"]
[WhiteTitle "II+"]
[BlackTitle "II"]
[WhiteElo "1412"]
[BlackElo "1259"]

1. e4 c5 2. Nf3 d6 3. d4 cxd4 4. Nxd4 Nf6 5. Nc3 a6 6. f3 e5 7. Nb3 Be6 8. Be3
Be7 9. Qd2 O-O 10. O-O-O Nbd7 11. g4 b5 12. h4 b4 13. Nd5 Bxd5 14. exd5 a5 15.
Kb1 a4 16. Nc1 Nb6 17. Bxb6 Qxb6 18. h5 Nd7 19. g5 Nc5 20. Qe3 Rfb8 21. Bc4 Nd7
22. Qd2 Rc8 23. Bd3 Nc5 24. Qe3 Qb8 25. Bf5 Rc7 26. Nd3 b3 27. Nxc5 bxa2+ 28.
Ka1 Rxc5 29. Qd3 Bxg5 30. Bxh7+ Kh8 31. Be4 Qb4 32. Kxa2 a3 33. Qb3 axb2+ 1/2-1/2

[Event "POLFINAL MISTRZOSTW POLSKI JUNIOROW 2019 - C15"]
[Site "Ustron"]
[Date "1899-12-30"]
[Round "8.21"]
[White "Sloniec, Adrian"]
[Black "Komisarski, Jerzy"]
[Result "1/2-1/2"]
[WhiteTitle "II"]
[BlackTitle "II"]
[WhiteElo "1383"]
[BlackElo "1251"]

1. e4 c5 2. Nf3 a6 3. d4 cxd4 4. Nxd4 Nf6 5. Nc3 e5 6. Nf3 Bb4 7. Bc4 O-O 8. Qd3
Bxc3+ 9. bxc3 Qc7 10. Ba3 d5 11. Bxd5 Nxd5 12. Bxf8 Nf4 13. Qd2 Kxf8 14. O-O Bg4
15. Nxe5 Ne2+ 16. Kh1 Qxe5 17. f3 Nxc3 18. fxg4 Nc6 19. Qf2 f6 20. Qb6 Qb5 21.
Qc7 Re8 22. Rf5 Qb2 23. Raf1 Nxe4 24. g5 Re5 25. gxf6 Rxf5 26. fxg7+ Qxg7 27.
Qc8+ Ke7 28. Qxf5 Nd6 29. Re1+ Kd8 30. Qd5 Kc7 1/2-1/2

[Event "POLFINAL MISTRZOSTW POLSKI JUNIOROW 2019 - C15"]
[Site "Ustron"]
[Date "1899-12-30"]
[Round "9.1"]
[White "Budzisz, Adrian"]
[Black "Majewski, Krzysztof"]
[Result "1-0"]
[WhiteTitle "I"]
[BlackTitle "I"]
[WhiteElo "1842"]
[BlackElo "1800"]

1. d4 d5 2. Nf3 Nf6 3. c4 c6 4. e3 a6 5. Bd3 e6 6. O-O b5 7. b3 Bd6 8. Nbd2 Bb7
9. Bb2 Nbd7 10. Ne5 Be7 11. f4 Qb6 12. Qe2 g6 13. Bc3 Qc7 14. Rac1 Qb6 15. g4
Nxe5 16. dxe5 Nd7 17. cxd5 cxd5 18. b4 Bc6 19. Nb3 Rc8 20. Bd4 Qd8 21. a3 Nb6
22. f5 Nc4 23. Qf3 exf5 24. gxf5 g5 25. e6 Bf6 26. exf7+ Kxf7 27. Qh5+ Kg8 28.
Qh6 Bxd4 29. Nxd4 Qd7 30. f6 Qf7 31. Ne6 Ne5 32. Nxg5 Qd7 33. Bf5 Qa7 34. Be6+
1-0

[Event "POLFINAL MISTRZOSTW POLSKI JUNIOROW 2019 - C15"]
[Site "Ustron"]
[Date "1899-12-30"]
[Round "9.2"]
[White "Jozefczyk, Szymon"]
[Black "Wasik, Mateusz"]
[Result "0-1"]
[WhiteTitle "II"]
[BlackTitle "I"]
[WhiteElo "1616"]
[BlackElo "1696"]

1. Nf3 d5 2. c4 e6 3. g3 Nf6 4. Bg2 Be7 5. b3 O-O 6. O-O c5 7. Bb2 Nc6 8. d3 Qc7
9. Nbd2 Rd8 10. Qc2 b6 11. a3 Bb7 12. Rfe1 a6 13. Rac1 Rac8 14. Qb1 Qb8 15. cxd5
Nxd5 16. Ne4 h6 17. h4 f5 18. Ned2 Bf6 19. Qa1 f4 20. g4 Bxb2 21. Qxb2 e5 22.
Ne4 Nf6 23. Nxf6+ gxf6 24. Bh3 Rc7 25. b4 Nd4 26. Nxd4 cxd4 27. Rxc7 Qxc7 28.
Rc1 Qg7 29. f3 Rc8 30. Rxc8+ Bxc8 31. Kh2 Be6 32. Qc1 Qd7 33. Qg1 Kf7 34. Bf1
Kg6 35. Bh3 Qc8 36. Qg2 Qc2 37. g5 Bxh3 38. Kxh3 hxg5 39. Qg4 Qd1 40. h5+ Kh6
41. Qf5 Qh1+ 0-1

[Event "POLFINAL MISTRZOSTW POLSKI JUNIOROW 2019 - C15"]
[Site "Ustron"]
[Date "1899-12-30"]
[Round "9.3"]
[White "Kossowski, Pawel"]
[Black "Strepikowski, Pawel"]
[Result "1/2-1/2"]
[WhiteTitle "II+"]
[BlackTitle "I"]
[WhiteElo "1541"]
[BlackElo "1649"]

1. e4 d6 2. d4 Nf6 3. Nc3 g6 4. f4 Bg7 5. Nf3 O-O 6. Bd3 c5 7. dxc5 dxc5 8. O-O
Nc6 9. Be3 b6 10. Kh1 Bb7 11. a3 Nd4 12. Qe1 Nxf3 13. gxf3 Nh5 14. f5 e6 15. Rd1
exf5 16. exf5 Qe7 17. Qd2 Rfe8 18. Rde1 Qh4 19. Kg1 Rxe3 20. Rxe3 Bd4 21. Ne2
Qg5+ 22. Kf2 Qh4+ 23. Kg1 Qg5+ 24. Kf2 Qh4+ 25. Kg1 1/2-1/2

[Event "POLFINAL MISTRZOSTW POLSKI JUNIOROW 2019 - C15"]
[Site "Ustron"]
[Date "1899-12-30"]
[Round "9.4"]
[White "Gradalski, Olaf"]
[Black "Kotula, Pawel"]
[Result "1/2-1/2"]
[WhiteTitle "II"]
[BlackTitle "I"]
[WhiteElo "1542"]
[BlackElo "1619"]

1. e4 e5 2. Nf3 Nc6 3. Bc4 Bc5 4. c3 Nf6 5. d4 exd4 6. cxd4 Bb4+ 7. Bd2 Bxd2+ 8.
Nbxd2 d5 9. exd5 Nxd5 10. O-O O-O 11. Ne5 Nxd4 12. Nb3 Nxb3 13. Bxd5 Qf6 14. Qxb3
Qxe5 15. Bxf7+ Rxf7 16. Rae1 Be6 17. Rxe5 Bxb3 18. axb3 Rd8 19. Rfe1 Rfd7 20.
Kf1 Kf7 21. Rf5+ Kg6 22. Rfe5 Kf7 23. Rf5+ Kg6 24. Rfe5 Kf7 1/2-1/2

[Event "POLFINAL MISTRZOSTW POLSKI JUNIOROW 2019 - C15"]
[Site "Ustron"]
[Date "1899-12-30"]
[Round "9.5"]
[White "Topola, Rafal"]
[Black "Gardian, Adam"]
[Result "1/2-1/2"]
[WhiteTitle "I"]
[BlackTitle "I"]
[WhiteElo "1659"]
[BlackElo "1835"]

1. e4 Nf6 2. e5 Nd5 3. d4 d6 4. c4 Nb6 5. exd6 cxd6 6. Nc3 g6 7. Be3 Bg7 8. Rc1
O-O 9. Be2 d5 10. cxd5 N8d7 11. d6 exd6 12. Nf3 Nf6 13. O-O Nbd5 14. Bg5 Qb6 15.
Bc4 Nxc3 16. bxc3 Qc6 17. Qb3 a6 18. Bxf6 Bxf6 19. Bd5 Qc7 20. Rb1 Rb8 21. Qb6
Bd8 22. Qxc7 Bxc7 23. Rfe1 Bd8 24. c4 b6 25. c5 dxc5 26. dxc5 Bf5 27. Rb3 b5 28.
Nd4 Bd7 29. Nc6 Bxc6 30. Bxc6 Ba5 1/2-1/2

[Event "POLFINAL MISTRZOSTW POLSKI JUNIOROW 2019 - C15"]
[Site "Ustron"]
[Date "1899-12-30"]
[Round "9.6"]
[White "Kietrys, Maciej"]
[Black "Dalkowski, Rafal"]
[Result "1/2-1/2"]
[WhiteTitle "I"]
[BlackTitle "II+"]
[WhiteElo "1656"]
[BlackElo "1787"]

1. e4 c6 2. d4 d5 3. Nd2 dxe4 4. Nxe4 Bf5 5. Ng3 Bg6 6. Bc4 e6 7. N1e2 Bd6 8. Nf4
Qc7 9. Qf3 Nf6 10. O-O Nd5 11. Nfh5 O-O 12. Bb3 Nd7 13. c4 N5f6 14. Nxf6+ Nxf6
15. Bg5 Be7 16. Rad1 Rfe8 17. Rfe1 Rad8 18. h4 h6 19. Bf4 Bd6 20. Bxd6 Qxd6 21.
d5 exd5 22. Rxe8+ Rxe8 23. cxd5 cxd5 24. Bxd5 Nxd5 25. Rxd5 Qc6 26. Kh2 Bb1 27.
a3 Qc4 28. Kh3 Ba2 29. Rd3 Qc8+ 30. Kh2 Be6 31. Rc3 Qd8 32. Qf4 Qd5 1/2-1/2

[Event "POLFINAL MISTRZOSTW POLSKI JUNIOROW 2019 - C15"]
[Site "Ustron"]
[Date "1899-12-30"]
[Round "9.7"]
[White "Haliniak, Wojciech"]
[Black "Pieczulis, Blazej"]
[Result "1-0"]
[WhiteTitle "I"]
[BlackTitle "I"]
[WhiteElo "1756"]
[BlackElo "1443"]

1. e4 c5 2. Nc3 Nc6 3. f4 d6 4. Nf3 g6 5. Bc4 Bg7 6. O-O e6 7. d3 Nge7 8. Qe1 O-O
9. f5 exf5 10. Qh4 h5 11. Bg5 Qd7 12. Rae1 Kh8 13. Bf6 a6 14. Nd5 Nxd5 15. exd5
Ne5 16. Nxe5 dxe5 17. Rxe5 b5 18. Bb3 Bb7 19. Re7 Qc8 20. d6 Qc6 21. Qg5 c4 22.
Qh6+ Kg8 23. Qxg7# 1-0

[Event "POLFINAL MISTRZOSTW POLSKI JUNIOROW 2019 - C15"]
[Site "Ustron"]
[Date "1899-12-30"]
[Round "9.8"]
[White "Lenart, Jakub"]
[Black "Jedrusik, Adam"]
[Result "0-1"]
[WhiteTitle "I"]
[BlackTitle "I"]
[WhiteElo "1629"]
[BlackElo "1743"]

1. e4 g6 2. Nc3 Bg7 3. Bc4 d6 4. Nge2 Nf6 5. d3 O-O 6. h3 a6 7. a4 c6 8. Ng3 d5
9. Bb3 h6 10. Qf3 Be6 11. exd5 Nxd5 12. Nxd5 Bxd5 13. Bxd5 cxd5 14. O-O Nc6 15.
c3 e6 16. Re1 Qd7 17. Ne2 b5 18. axb5 axb5 19. Rxa8 Rxa8 20. Nf4 Kh7 21. d4 b4
22. h4 bxc3 23. bxc3 Qc7 24. h5 g5 25. Nd3 Na5 26. Nc5 Nb7 27. Na6 Qc4 28. Nb4
Kg8 29. Bd2 Nd6 30. Rb1 Ne4 31. Be1 Rc8 32. Nc2 Nxc3 33. Rb7 f5 34. Bxc3 Qxc3
35. Ne3 Qxd4 36. Nf1 Qc5 37. Qb3 Bd4 38. Rd7 Bxf2+ 39. Kh1 Qc4 40. Qb1 Qh4+ 41.
Nh2 Bg3 0-1

[Event "POLFINAL MISTRZOSTW POLSKI JUNIOROW 2019 - C15"]
[Site "Ustron"]
[Date "1899-12-30"]
[Round "9.9"]
[White "Kosior, Jan"]
[Black "Owoc, Jakub"]
[Result "0-1"]
[WhiteTitle "II"]
[BlackTitle "I"]
[WhiteElo "1565"]
[BlackElo "1668"]

1. e4 c5 2. Nf3 e6 3. d4 cxd4 4. Nxd4 Nc6 5. Nc3 Qc7 6. Be2 a6 7. O-O Nf6 8. Be3
Be7 9. f4 d6 10. Qe1 Bd7 11. Qg3 O-O 12. Kh1 b5 13. a3 Rab8 14. f5 Kh8 15. Nxc6
Bxc6 16. Bd3 e5 17. Bg5 Ng8 18. Qh4 Bxg5 19. Qxg5 Qe7 20. Qxe7 Nxe7 21. f6 Ng6
22. fxg7+ Kxg7 23. g3 f5 24. Kg1 f4 25. Rf3 h5 26. Ne2 Bd7 27. gxf4 Bg4 28. Rg3
exf4 29. Rxg4 hxg4 30. Nd4 Rf6 31. Nf5+ Kh7 32. a4 Rb7 33. e5 dxe5 34. Nh4 Kh6
35. Nxg6 Rxg6 36. Bxg6 Kxg6 37. axb5 axb5 38. Re1 Kf5 39. Kg2 e4 40. h4 gxh3+
41. Kxh3 Rg7 42. Kh2 f3 43. Rg1 Rd7 44. Rc1 Rd2+ 45. Kg3 Rg2+ 46. Kh3 Rd2 47.
Kg3 Rg2+ 48. Kh3 Kf4 49. c4 Rg6 50. Kh2 f2 51. Rc3 f1=Q 0-1

[Event "POLFINAL MISTRZOSTW POLSKI JUNIOROW 2019 - C15"]
[Site "Ustron"]
[Date "1899-12-30"]
[Round "9.10"]
[White "Mocko, Maciej"]
[Black "Celebias, Filip"]
[Result "0-1"]
[WhiteTitle "II"]
[BlackTitle "II"]
[WhiteElo "1459"]
[BlackElo "1470"]

1. e4 c5 2. Nc3 a6 3. f4 b5 4. a4 b4 5. Nb1 Bb7 6. d3 e6 7. Nf3 Nf6 8. Be2 d5 9.
e5 Nfd7 10. O-O Be7 11. Qe1 O-O 12. Be3 Nc6 13. Bf2 Rc8 14. Nbd2 Na5 15. Bh4 c4
16. Bxe7 Qxe7 17. d4 Rc7 18. Nh4 f5 19. Rf3 c3 20. bxc3 bxc3 21. Nf1 Qb4 22. Rd3
Rfc8 23. Ne3 Nc4 24. Nxc4 Rxc4 25. Rb1 Qxa4 26. Rxb7 Qxc2 27. Rxd7 Qa4 28. Rb7
c2 29. Qc1 Rb4 30. Rxb4 Qxb4 31. Rf3 Qxd4+ 32. Rf2 a5 33. Nf3 Qc3 34. Ne1 a4 35.
Bb5 Qxe1+ 36. Qxe1 c1=Q 37. Qxc1 Rxc1+ 38. Rf1 Rxf1+ 39. Kxf1 a3 40. Bd7 Kf7 41.
g4 a2 42. gxf5 a1=Q+ 43. Kg2 exf5 44. Bxf5 g6 45. Bg4 Qc1 46. Kg3 d4 47. f5 gxf5
48. Bxf5 Qg5+ 0-1

[Event "POLFINAL MISTRZOSTW POLSKI JUNIOROW 2019 - C15"]
[Site "Ustron"]
[Date "1899-12-30"]
[Round "9.11"]
[White "Malik, Maciej"]
[Black "Skawinski, Szymon"]
[Result "1/2-1/2"]
[WhiteTitle "I"]
[BlackTitle "I"]
[WhiteElo "1522"]
[BlackElo "1715"]

1. d4 d5 2. b3 c5 3. e3 Nf6 4. Bb2 Nc6 5. a3 cxd4 6. exd4 Bg4 7. Be2 Bf5 8. Nf3
e6 9. O-O Bd6 10. Nbd2 O-O 11. c4 Qc7 12. Rc1 Bf4 13. b4 dxc4 14. Rxc4 Qd6 15.
Nb3 Be4 16. g3 Bh6 17. b5 Ne7 18. Nfd2 Bd5 19. Rc2 Rac8 20. Nc4 Bxc4 21. Rxc4
Rxc4 22. Bxc4 Rc8 23. Qe2 Ned5 24. Bd3 b6 25. Qe5 Qxe5 26. dxe5 Nd7 27. f4 g6
28. Rc1 Rxc1+ 29. Bxc1 Bf8 30. Bc2 Nc3 31. Bd3 1/2-1/2